The Six Sigma handbook : a complete guide for green belts, black belts, and managers at all levels /

"This thoroughly revised, industry-standard guide delivers all the information you need to apply Six Sigma techniques and dramatically improve processes, profitability, sustainability, and long-term growth. Written by two of the foremost authorities in Six Sigma, the book shows you, step by ste...

Description complète

Enregistré dans:
Détails bibliographiques
Auteur principal: Pyzdek, Thomas
Autres auteurs: Keller, Paul A.
Format: Livre
Édition:6th. ed.
Sujets:
Tags: Ajouter un tag
Pas de tags, Soyez le premier à ajouter un tag!

MARC

LEADER 00000cam a22000005i 4500
005 20250711105545.0
020 |a 9781265143992  |c TZs.164,430/= 
020 |a 1265143994 
040 |a MUL  |b eng  |e AACR2 
082 |a REF.658.562 PYZ 
100 1 |a Pyzdek, Thomas, 
245 1 4 |a The Six Sigma handbook :  |b a complete guide for green belts, black belts, and managers at all levels /  |c Thomas Pyzdek and Paul Keller. 
250 |a 6th. ed. 
300 |a xviii, 701 p. :  |b ill.;  |c 25 cm 
504 |a Includes bibliographical references and index. 
520 |a "This thoroughly revised, industry-standard guide delivers all the information you need to apply Six Sigma techniques and dramatically improve processes, profitability, sustainability, and long-term growth. Written by two of the foremost authorities in Six Sigma, the book shows you, step by step, how to build the best teams and foster effective leadership while maximizing customer satisfaction and boosting profits. This new edition features a number of important updates, including AI, big data and machine learning, mind mapping, healthcare statistics, and modern supply chain challenges. This hands-on resource also lays out cutting-edge applications for social media data, decision trees, remote technology, and web scrapers"-- 
546 |a eng. 
650 0 |a Production management  |v Handbooks, manuals, etc. 
650 0 |a Quality control  |v Handbooks, manuals, etc. 
650 0 |a Six sigma (Quality control standard)  |v Handbooks, manuals, etc. 
650 6 |a Production  |v Guides, manuels, etc. 
650 6 |a Qualité  |v Guides, manuels, etc. 
650 6 |a Six Sigma  |v Guides, manuels, etc. 
650 7 |a Production management 
650 7 |a Quality control 
650 7 |a Six sigma (Quality control standard) 
700 1 |a Keller, Paul A. 
942 |c BK 
999 |c 11074  |d 11074